鉄道むすめの名前の由来となった駅 - Statistics

General Stats
  • This quiz has been taken 197 times
  • The average score is 87 of 164
Answer Stats
名前(鉄道会社名) 駅名 % Correct
川越あさか(東武鉄道) 川越
88%
八戸ときえ(青い森鉄道) 八戸
86%
春日部しあ(東武鉄道) 春日部
86%
秋葉みらい(つくばエクスプレス) 秋葉原
86%
鬼怒川みやび(東武鉄道) 鬼怒川温泉
85%
栗橋みなみ/栗橋あかな(東武鉄道) 南栗橋
85%
釜石まな(三陸鉄道) 釜石
84%
久慈ありす(三陸鉄道) 久慈
84%
姫宮なな(東武鉄道) 姫宮
83%
辻堂みどり(JR東日本) 辻堂
83%
松本あずさ(JR東日本?) 松本
83%
新津テイナ(総合車両製作所) 新津
82%
渋沢あさぎ(小田急電鉄) 渋沢
82%
星川みほし(相模鉄道) 星川
82%
美園みはと(埼玉高速鉄道) 浦和美園
82%
橋本わかば(京王電鉄) 橋本
82%
白河ひばり(国鉄?) 白河
82%
上田れむ(しなの鉄道) 上田
82%
羽田あいる(東京モノレール) | 羽田みなと(東京モノレール) 羽田空港
81%
平泉つばさ/平泉あおば(JR東日本) 平泉
81%
大月みーな(富士急行) 大月
81%
丸山はやみ(埼玉新都市交通) 丸山
80%
青海ゆりか(ゆりかもめ) 青海
80%
修善寺まきの(伊豆箱根鉄道) 修善寺
80%
米原はるか(JR西日本) 米原
80%
七戸ちびき(南部縦貫鉄道) 七戸
79%
五香たかね(新京成電鉄) 五香
79%
船橋ちとせ(小田急電鉄) 千歳船橋
79%
足尾さきえ(わたらせ渓谷鐵道) 足尾
79%
和倉ななお(のと鉄道) 和倉温泉
79%
城崎このり(JR西日本) 城崎温泉
79%
丸森たかこ(阿武隈急行) 丸森
78%
外川つくし(銚子電鉄) 外川
78%
白井まきの(北総鉄道) 白井
77%
朝霞台
77%
井川ちしろ(大井川鐵道) 井川
77%
八草みずき(リニモ) 八草
76%
石田あいこ(小田急電鉄) 愛甲石田
74%
桜沢みなの(秩父鉄道) 桜沢
74%
川越いぶき(西武鉄道) 本川越
74%
倉敷みずほ(JR西日本) 新倉敷
74%
家山かなか(大井川鐵道) 家山
73%
幸谷なのは(流鉄流山線) 幸谷
72%
日野せりか(近江鉄道) 日野
72%
寺原ゆめみ(関東鉄道) 寺原
71%
大桑じゅり(東武鉄道) 大桑
71%
あざみ野
71%
天王洲アイル
71%
豊川まどか(大阪モノレール) 豊川
71%
中山ゆかり(京成電鉄) 中山
70%
七尾
70%
追分あすな(四日市あすなろう鉄道) 追分
70%
渡瀬きぬ(東武鉄道) 渡瀬
69%
井草しいな(西武鉄道) 上井草
69%
豊郷あかね(近江鉄道) 豊郷
69%
みらい平
68%
神井みしゃ(西武鉄道) 上石神井
68%
若葉台
68%
八木沢まい(上田電鉄) 八木沢
68%
塚原いさみ(伊豆箱根鉄道) 塚原
68%
高島あざみ(横浜市交通局) 高島町
67%
川口みその(埼玉高速鉄道) 東川口
67%
立川いずみ(多摩モノレール) 立川北
67%
椎名町
65%
平賀ひろこ(弘南鉄道) 平賀
64%
和泉こうみ(泉北高速鉄道) 和泉中央
64%
神前みーこ(和歌山電鐵) 神前
64%
殿山ゆいか(ひたちなか海浜鉄道) 殿山
62%
朝陽さくら(長野電鉄) 朝陽
62%
嵯峨ほづき(嵯峨野観光鉄道) トロッコ嵯峨
62%
印西牧の原
61%
北原ゆうき(上毛電鉄) 北原
61%
トロッコ保津峡
61%
城ヶ崎なみ(伊豆急行) 城ヶ崎海岸
60%
鮎貝りんご(山形鉄道) 鮎貝
59%
七光台
59%
高根公団
58%
上星川
58%
水間みつま(水間鉄道) 水間観音
58%
宮本えりお(智頭急行) 宮本武蔵
58%
岩瀬ゆうこ(富山ライトレール) 岩瀬浜
57%
楚原れんげ(三岐鉄道) 楚原
57%
金沢あるみ(総合車両製作所) 金沢文庫
55%
吉久こしの(万葉線) 吉久
55%
西岸まはる(のと鉄道) 西岸
55%
布崎あいか(一畑電車) 布崎
55%
神代みさき(島原鉄道) 神代
55%
仙台空港
54%
杜みなせ(仙台空港アクセス鉄道) 杜せきのした
53%
皆野
53%
石山ともか(京阪電車) 石山寺
53%
高根木戸
51%
富岡しるく(上信電鉄) 上州富岡
51%
葭川となみ(千葉都市モノレール) 葭川公園
50%
松風かれん(函館市電) 松風町
47%
南鳩ヶ谷
47%
音羽ないろ(静岡鉄道) 音羽町
47%
名取
46%
ユーカリが丘
46%
柏木ゆの(函館市電) 柏木町
45%
湯の川
45%
目時
45%
千葉みなと
45%
柴口このみ(横浜シーサイドライン) 海の公園柴口
45%
アプトいちしろ
45%
朝倉ちはや(西日本鉄道) 朝倉街道
45%
的場まりな(広島電鉄) 的場町
44%
ゆめみ野
43%
辛島みく(熊本市電) 辛島町
42%
西鉄千早
41%
千曳
40%
美田園
39%
七里
37%
光明池
37%
はなみずき通
35%
門真市
35%
青葉あさひ(仙台市交通局) 青葉山
34%
八汐みより(野岩鉄道) 上三依塩原温泉口
34%
大川まあや(会津鉄道) 大川ダム公園
33%
越ノ潟
33%
牟礼
32%
旭ヶ丘
31%
泉体育館
31%
牧之郷
31%
久能あいら(静岡鉄道) 久能山
29%
ひこね芹川
27%
あまや
26%
金木
26%
蓮華寺
26%
梨郷
25%
芦野かな(津軽鉄道) 芦野公園
25%
日高かすみ(紀州鉄道) 日高川
24%
弘高下
23%
大三東
23%
南伊東
22%
坂本
21%
秋鹿町
21%
御幸橋
21%
鷹野みゆき(広島電鉄) 鷹野橋
20%
東宮原
19%
舞田
19%
高子
18%
但馬みえ(北近畿タンゴ鉄道) 但馬三江
18%
緑町
14%
三ツ松
14%
柳沢
13%
西武球場前
13%
田鶴浜
13%
井細田
12%
上郡
12%
西浦ありさ(松浦鉄道) 有田
12%
相模沼田
11%
桐生球場前
9%
日本平
7%
上熊本駅前
7%
清水なぎさ(十和田観光電鉄) 高清水
6%
金谷
6%
佐世保
5%
稲荷町
3%
赤レンガ倉庫群前
2%
草木
2%
No matching quizzes found
Score Distribution
Percent of People with Each Score
Percentile by Number Answered
Your Score History
You have not taken this quiz